Capoluoghi più vicini a Palermo - Statistics

Statistiche generali
  • Questo quiz è stato fatto 39 volte
    26 dall'ultimo reset
  • Il punteggio medio è 13 su 15
Statistiche sulle risposte
Distanza (km) Capoluogo % Corretto
168 Catania
100%
94 Agrigento
92%
104 Enna
92%
194 Messina
92%
202 Reggio Calabria
92%
207 Siracusa
92%
71 Trapani
92%
96 Caltanissetta
88%
196 Catanzaro
88%
182 Ragusa
88%
284 Cosenza
83%
312 Napoli
79%
248 Vibo Valentia
79%
309 Salerno
75%
334 Avellino
71%
Nessun quiz corrispondente trovato
Distribuzione punteggi
Percentuale di utenti per punteggio
Percentile per numero di risposta
I tuoi punteggi nel tempo
Non hai fatto questo quiz dall'ultimo reset